Кащеева цепь: роман

ग्रंथसूची विवरण
मुख्य लेखक: Пришвин М. М. Михаил Михайлович
अन्य लेखक: Чуваков В. (автор послесловия), Фадин К. (иллюстратор)
भाषा:रूसी
प्रकाशित: Москва, Советская Россия, 1983
विषय:
स्वरूप: MixedMaterials पुस्तक
KOHA link:https://koha.lib.tpu.ru/cgi-bin/koha/opac-detail.pl?biblionumber=147700

MARC

LEADER 00000nam0a2200000 4500
001 147700
005 20231101221318.0
020 |a RU  |b 84-10632 
035 |a (RuTPU)RU\TPU\book\160088 
090 |a 147700 
100 |a 20081119d1983 m y0rusy5003 ca 
101 0 |a rus 
102 |a RU 
105 |a a z 000ay 
200 1 |a Кащеева цепь  |e роман  |f М. М. Пришвин  |g вместо преамбулы и примеч. В. Чуваков ; худож. К. Фадин 
210 |a Москва  |c Советская Россия  |d 1983 
215 |a 494 с.  |c ил.  |d 21 см 
610 1 |a Россия, 19-20 вв. 
610 1 |a советская литература 
610 1 |a романы 
675 |a Р2  |z rus 
700 1 |a Пришвин  |b М. М.  |c русский писатель  |f 1873-1954  |g Михаил Михайлович  |2 stltpush  |3 (RuTPU)RU\TPU\pers\3661  |9 800 
702 1 |a Чуваков  |b В.  |4 075 
702 1 |a Фадин  |b К.  |4 440 
801 0 |a RU  |b RuMRKP  |c 19950704  |g psbo 
801 1 |a RU  |b 63413507  |c 20081119  |g PSBO 
801 2 |a RU  |b 63413507  |c 20081119  |g PSBO 
942 |c BK